000 00403nam a2200181Ia 4500
001 1183
005 20260306140613.0
008 260306t2011||||xx |||||||||||||| ||spa||
041 _aESP
082 _a188
_bS38D
100 _aSéneca, Lucio Anneo
_eAUT
245 0 _aDiálogos
260 _c2011
300 _a417 páginas :
_c20 cm.
650 _aGEN
654 _aCHU
942 _cLIB
_dJUS
_fJUS
_2ddc
_n
999 _c1183
_d1183